<?xml version="1.0" encoding="UTF-8"?>
<record
    xmlns:xsi="http://www.w3.org/2001/XMLSchema-instance"
    xsi:schemaLocation="http://www.loc.gov/MARC21/slim http://www.loc.gov/standards/marcxml/schema/MARC21slim.xsd"
    xmlns="http://www.loc.gov/MARC21/slim">

  <leader>01102nam a22002777a 4500</leader>
  <controlfield tag="001">1091</controlfield>
  <controlfield tag="005">20250901161837.0</controlfield>
  <datafield tag="020" ind1=" " ind2=" ">
    <subfield code="a">9789996305894</subfield>
  </datafield>
  <datafield tag="040" ind1=" " ind2=" ">
    <subfield code="a">FISKH</subfield>
    <subfield code="b">eng</subfield>
    <subfield code="c">FISKH</subfield>
    <subfield code="d">FISKH </subfield>
  </datafield>
  <datafield tag="082" ind1=" " ind2=" ">
    <subfield code="a">646.7</subfield>
  </datafield>
  <datafield tag="100" ind1=" " ind2=" ">
    <subfield code="a">Vanthary, Oum </subfield>
  </datafield>
  <datafield tag="245" ind1=" " ind2=" ">
    <subfield code="b">&#x179F;&#x17C0;&#x179C;&#x1797;&#x17C5;&#x179A;&#x17BC;&#x1794;&#x1797;&#x17B6;&#x1796;&#x178A;&#x17C6;&#x1794;&#x17BC;&#x1784; : </subfield>
    <subfield code="a">&#x1782;&#x17D2;&#x179A;&#x17BD;&#x179F;&#x17B6;&#x179A;&#x1781;&#x17D2;&#x1789;&#x17BB;&#x17C6; /</subfield>
  </datafield>
  <datafield tag="246" ind1=" " ind2=" ">
    <subfield code="a">My family </subfield>
    <subfield code="b">First picture book </subfield>
  </datafield>
  <datafield tag="250" ind1=" " ind2=" ">
    <subfield code="a">6th Printing January, 2023</subfield>
  </datafield>
  <datafield tag="260" ind1=" " ind2=" ">
    <subfield code="a">Phnom Penh : </subfield>
    <subfield code="b">Sipar, </subfield>
    <subfield code="c">2023. </subfield>
  </datafield>
  <datafield tag="300" ind1=" " ind2=" ">
    <subfield code="a">12 unnumbered pages : </subfield>
    <subfield code="b">Color illustrations ;  </subfield>
    <subfield code="c">17 cm. </subfield>
  </datafield>
  <datafield tag="505" ind1=" " ind2=" ">
    <subfield code="a">aa</subfield>
  </datafield>
  <datafield tag="520" ind1=" " ind2=" ">
    <subfield code="a">&#x179F;&#x17C0;&#x179C;&#x1797;&#x17C5;&#x1793;&#x17C1;&#x17C7;&#x1793;&#x17B9;&#x1784;&#x1787;&#x17BD;&#x1799;&#x17B2;&#x1780;&#x17BB;&#x1798;&#x17B6;&#x179A;&#x178F;&#x17BC;&#x1785;&#x179F;&#x17D2;&#x1782;&#x17B6;&#x179B;&#x17CB;&#x1796;&#x17B6;&#x1780;&#x17D2;&#x1799;&#x17A0;&#x17C5;&#x179F;&#x1798;&#x17B6;&#x1787;&#x17B7;&#x1780;&#x1782;&#x17D2;&#x179A;&#x17BD;&#x179F;&#x17B6;&#x179A;&#x179A;&#x1794;&#x179F;&#x17CB;&#x1781;&#x17D2;&#x179B;&#x17BD;&#x1793;&#x17D4;

</subfield>
  </datafield>
  <datafield tag="520" ind1=" " ind2=" ">
    <subfield code="a">Common family member words are introduced to young children.</subfield>
  </datafield>
  <datafield tag="521" ind1=" " ind2=" ">
    <subfield code="a">10</subfield>
    <subfield code="b">Lexile estimate </subfield>
  </datafield>
  <datafield tag="521" ind1=" " ind2=" ">
    <subfield code="a">aa</subfield>
    <subfield code="b">Raz-Plus </subfield>
  </datafield>
  <datafield tag="650" ind1=" " ind2=" ">
    <subfield code="a">&#x1782;&#x17D2;&#x179A;&#x17BD;&#x179F;&#x17B6;&#x179A;</subfield>
    <subfield code="v">&#x179A;&#x17BC;&#x1794;&#x1797;&#x17B6;&#x1796; </subfield>
    <subfield code="x">&#x1780;&#x17BB;&#x1798;&#x17B6;&#x179A;</subfield>
  </datafield>
  <datafield tag="650" ind1=" " ind2=" ">
    <subfield code="a">Family</subfield>
    <subfield code="v">First picture book </subfield>
    <subfield code="x">kids </subfield>
  </datafield>
  <datafield tag="700" ind1=" " ind2=" ">
    <subfield code="a">Visoth, Seng </subfield>
    <subfield code="c">illustrator </subfield>
  </datafield>
  <datafield tag="942" ind1=" " ind2=" ">
    <subfield code="2">ddc</subfield>
    <subfield code="c">BK</subfield>
    <subfield code="n">0</subfield>
  </datafield>
  <datafield tag="999" ind1=" " ind2=" ">
    <subfield code="c">1091</subfield>
    <subfield code="d">1091</subfield>
  </datafield>
  <datafield tag="952" ind1=" " ind2=" ">
    <subfield code="0">0</subfield>
    <subfield code="1">0</subfield>
    <subfield code="2">ddc</subfield>
    <subfield code="4">0</subfield>
    <subfield code="7">0</subfield>
    <subfield code="8">Khmer-English Bilingual </subfield>
    <subfield code="a">001</subfield>
    <subfield code="b">001</subfield>
    <subfield code="c">KHRS</subfield>
    <subfield code="d">2023-07-31</subfield>
    <subfield code="l">0</subfield>
    <subfield code="o">VAN&#x200B; 646.7</subfield>
    <subfield code="p">2023-0155</subfield>
    <subfield code="r">2023-07-31 09:38:00</subfield>
    <subfield code="t">1</subfield>
    <subfield code="w">2023-07-31</subfield>
    <subfield code="y">KHB</subfield>
  </datafield>
  <datafield tag="952" ind1=" " ind2=" ">
    <subfield code="0">0</subfield>
    <subfield code="1">0</subfield>
    <subfield code="2">ddc</subfield>
    <subfield code="4">0</subfield>
    <subfield code="7">0</subfield>
    <subfield code="8">Khmer-English Bilingual </subfield>
    <subfield code="a">001</subfield>
    <subfield code="b">001</subfield>
    <subfield code="c">KHRS</subfield>
    <subfield code="d">2023-07-31</subfield>
    <subfield code="l">1</subfield>
    <subfield code="o">VAN&#x200B; 646.7</subfield>
    <subfield code="p">2023-0165</subfield>
    <subfield code="r">2025-11-13 14:40:24</subfield>
    <subfield code="s">2025-08-22</subfield>
    <subfield code="t">2</subfield>
    <subfield code="w">2023-07-31</subfield>
    <subfield code="y">KHB</subfield>
  </datafield>
  <datafield tag="952" ind1=" " ind2=" ">
    <subfield code="0">0</subfield>
    <subfield code="1">0</subfield>
    <subfield code="2">ddc</subfield>
    <subfield code="4">0</subfield>
    <subfield code="7">0</subfield>
    <subfield code="8">Khmer-English Bilingual </subfield>
    <subfield code="a">001</subfield>
    <subfield code="b">001</subfield>
    <subfield code="c">KHRS</subfield>
    <subfield code="d">2023-07-31</subfield>
    <subfield code="l">1</subfield>
    <subfield code="o">VAN&#x200B; 646.7</subfield>
    <subfield code="p">FISTKKB106</subfield>
    <subfield code="q">2025-11-27</subfield>
    <subfield code="r">2025-11-13 15:04:14</subfield>
    <subfield code="s">2025-11-13</subfield>
    <subfield code="t">3</subfield>
    <subfield code="w">2023-07-31</subfield>
    <subfield code="y">KHB</subfield>
  </datafield>
  <datafield tag="952" ind1=" " ind2=" ">
    <subfield code="0">0</subfield>
    <subfield code="1">0</subfield>
    <subfield code="2">ddc</subfield>
    <subfield code="4">0</subfield>
    <subfield code="7">0</subfield>
    <subfield code="8">Khmer-English Bilingual </subfield>
    <subfield code="a">001</subfield>
    <subfield code="b">001</subfield>
    <subfield code="c">KHRS</subfield>
    <subfield code="d">2023-07-31</subfield>
    <subfield code="l">0</subfield>
    <subfield code="o">VAN&#x200B; 646.7</subfield>
    <subfield code="p">FISTKG2B020</subfield>
    <subfield code="r">2023-10-10 08:24:32</subfield>
    <subfield code="t">4</subfield>
    <subfield code="w">2023-07-31</subfield>
    <subfield code="y">KHB</subfield>
  </datafield>
  <datafield tag="952" ind1=" " ind2=" ">
    <subfield code="0">0</subfield>
    <subfield code="1">0</subfield>
    <subfield code="2">ddc</subfield>
    <subfield code="4">0</subfield>
    <subfield code="7">0</subfield>
    <subfield code="8">Khmer-English Bilingual </subfield>
    <subfield code="a">001</subfield>
    <subfield code="b">001</subfield>
    <subfield code="c">OKHR</subfield>
    <subfield code="d">2024-03-07</subfield>
    <subfield code="l">0</subfield>
    <subfield code="o">VAN&#x200B; 646.7</subfield>
    <subfield code="p">2024-0284</subfield>
    <subfield code="r">2024-03-07 14:25:22</subfield>
    <subfield code="t">5</subfield>
    <subfield code="w">2024-03-07</subfield>
    <subfield code="y">KHB</subfield>
  </datafield>
  <datafield tag="952" ind1=" " ind2=" ">
    <subfield code="0">0</subfield>
    <subfield code="1">0</subfield>
    <subfield code="2">ddc</subfield>
    <subfield code="4">0</subfield>
    <subfield code="7">0</subfield>
    <subfield code="8">Khmer-English Bilingual </subfield>
    <subfield code="a">002</subfield>
    <subfield code="b">002</subfield>
    <subfield code="c">TTP Khmer</subfield>
    <subfield code="d">2024-03-07</subfield>
    <subfield code="l">0</subfield>
    <subfield code="o">VAN&#x200B; 646.7</subfield>
    <subfield code="p">2024-0285</subfield>
    <subfield code="r">2024-03-07 14:27:05</subfield>
    <subfield code="t">6</subfield>
    <subfield code="w">2024-03-07</subfield>
    <subfield code="y">KHB</subfield>
  </datafield>
  <datafield tag="952" ind1=" " ind2=" ">
    <subfield code="0">0</subfield>
    <subfield code="1">0</subfield>
    <subfield code="2">ddc</subfield>
    <subfield code="4">0</subfield>
    <subfield code="7">0</subfield>
    <subfield code="8">Khmer-English Bilingual </subfield>
    <subfield code="a">001</subfield>
    <subfield code="b">001</subfield>
    <subfield code="c">OKHR</subfield>
    <subfield code="d">2024-03-07</subfield>
    <subfield code="l">1</subfield>
    <subfield code="o">VAN&#x200B; 646.7</subfield>
    <subfield code="p">2024-0291</subfield>
    <subfield code="r">2024-12-04 14:46:54</subfield>
    <subfield code="s">2024-08-12</subfield>
    <subfield code="t">7</subfield>
    <subfield code="w">2024-03-07</subfield>
    <subfield code="y">KHB</subfield>
  </datafield>
  <datafield tag="952" ind1=" " ind2=" ">
    <subfield code="0">0</subfield>
    <subfield code="1">0</subfield>
    <subfield code="2">ddc</subfield>
    <subfield code="4">0</subfield>
    <subfield code="7">0</subfield>
    <subfield code="8">Khmer-English Bilingual </subfield>
    <subfield code="a">001</subfield>
    <subfield code="b">001</subfield>
    <subfield code="c">OKHR</subfield>
    <subfield code="d">2024-03-14</subfield>
    <subfield code="l">1</subfield>
    <subfield code="o">VAN&#x200B; 646.7</subfield>
    <subfield code="p">FISTKKA121</subfield>
    <subfield code="r">2025-02-14 14:20:27</subfield>
    <subfield code="s">2024-12-04</subfield>
    <subfield code="t">8</subfield>
    <subfield code="w">2024-03-14</subfield>
    <subfield code="y">KHB</subfield>
  </datafield>
  <datafield tag="952" ind1=" " ind2=" ">
    <subfield code="0">0</subfield>
    <subfield code="1">0</subfield>
    <subfield code="2">ddc</subfield>
    <subfield code="4">0</subfield>
    <subfield code="7">0</subfield>
    <subfield code="8">Khmer-English Bilingual </subfield>
    <subfield code="a">001</subfield>
    <subfield code="b">001</subfield>
    <subfield code="c">OKHR</subfield>
    <subfield code="d">2024-06-27</subfield>
    <subfield code="l">1</subfield>
    <subfield code="o">VAN&#x200B; 646.7</subfield>
    <subfield code="p">FISTKG1B032</subfield>
    <subfield code="r">2025-08-29 14:40:27</subfield>
    <subfield code="s">2025-08-07</subfield>
    <subfield code="t">9</subfield>
    <subfield code="w">2024-06-27</subfield>
    <subfield code="y">KHB</subfield>
  </datafield>
  <datafield tag="952" ind1=" " ind2=" ">
    <subfield code="0">0</subfield>
    <subfield code="1">0</subfield>
    <subfield code="2">ddc</subfield>
    <subfield code="4">0</subfield>
    <subfield code="7">0</subfield>
    <subfield code="8">Khmer-English Bilingual </subfield>
    <subfield code="a">001</subfield>
    <subfield code="b">001</subfield>
    <subfield code="c">OKHR</subfield>
    <subfield code="d">2024-06-27</subfield>
    <subfield code="l">1</subfield>
    <subfield code="o">VAN&#x200B; 646.7</subfield>
    <subfield code="p">2024-0894</subfield>
    <subfield code="r">2025-09-29 10:16:33</subfield>
    <subfield code="s">2025-06-30</subfield>
    <subfield code="t">10</subfield>
    <subfield code="w">2024-06-27</subfield>
    <subfield code="y">KHB</subfield>
  </datafield>
  <datafield tag="952" ind1=" " ind2=" ">
    <subfield code="0">0</subfield>
    <subfield code="1">0</subfield>
    <subfield code="2">ddc</subfield>
    <subfield code="4">0</subfield>
    <subfield code="7">0</subfield>
    <subfield code="8">Khmer-English Bilingual </subfield>
    <subfield code="a">002</subfield>
    <subfield code="b">002</subfield>
    <subfield code="c">TTP Khmer</subfield>
    <subfield code="d">2025-12-12</subfield>
    <subfield code="l">0</subfield>
    <subfield code="o">VAN&#x200B; 646.7</subfield>
    <subfield code="p">2025-5121</subfield>
    <subfield code="r">2025-12-12 10:53:58</subfield>
    <subfield code="t">11</subfield>
    <subfield code="w">2025-12-12</subfield>
    <subfield code="y">KHB</subfield>
  </datafield>
</record>
